000 00619nam a2200217 i 4500
001 bg
100 1 _aZIĘBA, Marek
245 1 0 _aAutoCAD :
_brysunek konstrukcji stalowych /
_cMarek Zięba.
260 _aGliwice :
_b"Helion",
_ccop. 1996.
300 _a182 s. :
_brys. ;
_c24 cm +
_edyskietka.
650 9 _aAutoCAD
650 9 _aKonstrukcje stalowe
_xrysunek techniczny
_xautomatyzacja
655 _aPodręczniki
020 _a8386718366
040 _cBPK
041 0 _apl
080 _a681.322.06:519.688:624.01/.07:744
920 _a83-86718-36-6
942 _cKS
008 s pl f |000 0 pol
999 _c31451
_d31451
856 _uhttp://koha.tu.koszalin.pl/cgi-bin/koha/opac-detail.pl?biblionumber=31451
_yKatalog online BPK